How Many Sabrina Carpenter Songs Can You Name? - Statistics

General Stats
  • This quiz has been taken 1,631 times
    461 since last reset
  • The average score is 37 of 102
Answer Stats
Album Song % Correct
Espresso
90%
Man's Best Friend Manchild
89%
Please Please Please
88%
Short n' Sweet (Deluxe) Taste
81%
Juno
79%
Tears
78%
Nonsense
76%
House Tour
75%
Thumbs
75%
Feather
74%
emails i can't send emails i can't send
72%
because i liked a boy
69%
Bed Chem
68%
Busy Woman
64%
Goodbye
64%
When Did You Get Hot?
63%
Nobody's Son
62%
Go Go Juice
60%
Tornado Warnings
59%
15 Minutes
58%
Don't Smile
58%
Good Graces
57%
My Man on Willpower
57%
Single (2021) Skin
56%
Sharpest Tool
53%
Don't Worry I'll Make You Worry
52%
Sugar Talking
52%
We Almost Broke Up Again Last Night
52%
Coincidence
51%
Lie To Girls
51%
Never Getting Laid
51%
Slim Pickins
51%
Vicious
50%
Looking at Me
48%
Dumb & Poetic
47%
fruitcake A Nonsense Christmas
46%
Can't Blame a Girl for Trying
45%
cindy lou who
45%
Eyes Wide Open Eyes Wide Open
45%
skinny dipping
44%
Bad Reviews
43%
Paris
43%
Read your Mind
43%
Couldn't Make It Any Harder
42%
Fast Times
40%
Sue Me
40%
decode
39%
emails i can't send fwd: opposite
38%
bet u wanna
37%
buy me presents
35%
is it new years yet?
34%
Bad for Business
32%
Lonesome
32%
Already Over
31%
santa doesn't know you like i do
31%
how many things
29%
things i wish you said
29%
white xmas
29%
Singular Act I Almost Love
24%
Girl Meets World Take On the World
24%
Exhale
23%
Mona Lisa
23%
Singular Act II In My Bed
21%
Single (2019) On My Way
21%
Singles (2017) Why
20%
Diamonds Are Forever
19%
EVOLution On Purpose
19%
Pushing 20
19%
Mirage
17%
prfct
17%
The Middle of Starting Over
15%
Single (2018) Alien
14%
I Can't Stop Me
14%
I'm Fakin
14%
Run and Hide
14%
Shadows
14%
Single (2016) Smoke and Fire
14%
Tell Em
14%
Too Young
14%
We'll Be The Stars
14%
White Flag
14%
Bad Time
12%
Feels Like Loneliness
12%
Single (2020) Honeymoon Fades
12%
Seamless
12%
Space
12%
Hold Tight
11%
Take You Back
11%
Two Young Hearts
11%
Darling I'm a Mess
10%
Work It Let Me Move You
10%
Your Love's Like
10%
All We Have Is Love
9%
Don't Want It Back
9%
No Words
9%
Take Off All Your Cool
9%
Best Thing I Got
8%
Right Now
8%
First Love
4%
Single (2014) Silver Nights
4%
Single (2015) Christmas the Whole Year Round
2%
Single (2011) Fall Apart
2%
No matching quizzes found
Score Distribution
Percent of People with Each Score
Percentile by Number Answered
Your Score History
You have not taken this quiz since the last reset